| 000 | 00655nam a22002177a 4500 | ||
|---|---|---|---|
| 003 | BUBTL | ||
| 008 | 240307b ||||| |||| 00| 0 eng d | ||
| 041 | _aEnglish | ||
| 082 |
_23rd ed. _a346/ C4595s/ 2001 |
||
| 100 |
_92060 _aChowdhury, Obaidul Huq |
||
| 245 |
_aThe State Acquisition and Tenancy Act, 1950 [xxviii of 1951]/ DLR _bObaidul Huq Chowdhury's |
||
| 250 | _a3rd ed. | ||
| 260 |
_aDhaka _bEsrarul Huq Chowdhury, _cc2001 |
||
| 300 |
_a[108], 631 p. : _bill. ; 24 cm. |
||
| 500 | _aIncludes Index. | ||
| 526 | _aLaw | ||
| 650 | 0 |
_92104 _aLaw |
|
| 856 |
_k0 _l0 _yDownload |
||
| 942 |
_2ddc _cBK |
||
| 999 |
_c7249 _d7249 |
||